[Event "Campobasso op-A 17th"]
[Site "Campobasso"]
[Date "2010.07.25"]
[Round "5"]
[White "Distaso, Antonio"]
[Black "Adriani, Vieri"]
[Result "0-1"]
[WhiteElo "1974"]
[BlackElo "2173"]
[PlyCount "86"]
[EventDate "2010.07.22"]
[EventType "swiss"]
[EventRounds "6"]
[EventCountry "ITA"]
[SourceTitle "EXT 2013"]
[Source "ChessBase"]
[SourceDate "2012.11.22"]
[SourceVersion "1"]
[SourceVersionDate "2012.11.22"]
[SourceQuality "1"]

1. e4 c6 2. Nf3 d5 3. Nc3 Bg4 4. h3 Bxf3 5. Qxf3 Nf6 6. e5 Nfd7 7. d4 e6 8. Be3 c5 9. Bb5 cxd4 10. Bxd7+ Qxd7 11. Bxd4 Nc6 12. Ne2 Qc7 13. Qd3 Nxd4 14. Qxd4 Be7 15. c3 0-0 16. f4 Bc5 17. Qd2 Qb6 18. Nd4 Rac8 19. b3 Rc7 20. Ke2 Rfc8 21. Rhd1 f6 22. Nf3 fxe5 23. Nxe5 Rf8 24. Rf1 Bd6 25. Rf3 Rf5 26. g4 Rf6 27. Raf1 Qc5 28. R1f2 Rc8 29. a4 Qc7 30. g5 Rf5 31. Ng4 Rcf8 32. Qe3 Qe7 33. Rf1 Qf7 34. Ne5 Bxe5 35. fxe5 Qh5 36. R1f2 Rxf3 37. Rxf3 Rxf3 38. Qxf3 Qxg5 39. Qe3 Qxe3+ 40. Kxe3 g5 41. c4 dxc4 42. bxc4 Kf7 43. c5 a6 0-1

[Event "Porto Mannu op"]
[Site "Porto Mannu"]
[Date "2008.05.18"]
[Round "2"]
[White "Porzio, Massimo"]
[Black "Adriani, Vieri"]
[Result "0-1"]
[WhiteElo "1896"]
[BlackElo "2081"]
[PlyCount "73"]
[EventDate "2008.05.17"]
[EventType "swiss"]
[EventRounds "9"]
[EventCountry "ITA"]
[SourceTitle "CBM 124 Extra"]
[Source "ChessBase"]
[SourceDate "2008.07.03"]
[SourceVersion "1"]
[SourceVersionDate "2008.07.03"]
[SourceQuality "1"]

1. e4 d5 2. exd5 Qxd5 3. Nc3 Qa5 4. d4 e5 5. Qe2 Nc6 6. d5 Bb4 7. dxc6 Bxc3+ 8. Bd2 Bxd2+ 9. Qxd2 Qxd2+ 10. Kxd2 Ne7 11. Bb5 b6 12. Re1 f6 13. c4 a6 14. Ba4 b5 15. cxb5 axb5 16. Bb3 Nxc6 17. f4 Bb7 18. Nf3 0-0-0+ 19. Kc1 Rhe8 20. a4 e4 21. Nd2 e3 22. Nf3 Nb4 23. Bc2 Nxc2 24. Kxc2 b4 25. Rd1 Rxd1 26. Rxd1 c5 27. Re1 Be4+ 28. Kb3 Bd5+ 29. Kc2 b3+ 30. Kc3 Kb7 31. Kd3 Kb6 32. Rc1 Bb7 33. Ne1 Ba6+ 34. Kc3 Re4 35. Kxb3 Rxf4 36. Nf3 e2 37. Kc2 0-1

[Event "Florence Weekend op 2nd"]
[Site "Florence"]
[Date "2007.10.28"]
[Round "5"]
[White "Adriani, Vieri"]
[Black "Corso, Roberto"]
[Result "1/2-1/2"]
[WhiteElo "1662"]
[BlackElo "2096"]
[PlyCount "88"]
[EventDate "2007.10.26"]
[EventType "swiss"]
[EventRounds "6"]
[EventCountry "ITA"]
[SourceTitle "EXT 2010"]
[Source "ChessBase"]
[SourceDate "2010.11.25"]
[SourceVersion "1"]
[SourceVersionDate "2010.11.25"]
[SourceQuality "1"]

1. d4 d5 2. c4 c6 3. Nf3 Nf6 4. cxd5 cxd5 5. Nc3 e6 6. Bf4 Qb6 7. Qc2 Nc6 8. e3 Ne4 9. a3 Qa5 10. Nd2 Nxd2 11. Kxd2 Bd7 12. Bd3 Qd8 13. Rac1 a6 14. h4 h6 15. f3 Be7 16. h5 Rc8 17. Ke2 Bf6 18. Kf2 0-0 19. Bd6 Re8 20. Bh7+ Kh8 21. Rhd1 Ne7 22. Bf4 Qb6 23. g4 Rc4 24. Kg3 Rec8 25. Bd3 Ba4 26. Qd2 Bxd1 27. Bxc4 Bxf3 28. Bd3 Be4 29. Nxe4 dxe4 30. Rxc8+ Nxc8 31. Bxe4 Ne7 32. Qc2 Nc6 33. b4 Kg8 34. Qc4 Be7 35. d5 exd5 36. Qxd5 Kf8 37. Qf5 Qd8 38. Qh7 Bf6 39. Kh3 Qd1 40. Qh8+ Ke7 41. Qc8 Qd7 42. Bf5 Qxc8 43. Bxc8 Nd8 44. Bc7 Bb2 1/2-1/2